| 000 | 00337nam a22001337a 4500 | ||
|---|---|---|---|
| 003 | OSt | ||
| 005 | 20230920131031.0 | ||
| 008 | 230920b |||||||| |||| 00| 0 eng d | ||
| 040 | _cCO-JMCR | ||
| 082 |
_2N / _aROMs |
||
| 100 |
_aShakespeare, William, _eautor _99696 |
||
| 245 |
_aRomeo y Julieta / _cWilliam Shakespeare |
||
| 942 |
_2ddc _cBK |
||
| 999 |
_c30264 _d16648 |
||